| 000 | 01018nam a2200265Ia 4500 | ||
|---|---|---|---|
| 003 | OSt | ||
| 005 | 20221005103300.0 | ||
| 006 | a|||||r|||| 00| 0 | ||
| 007 | ta | ||
| 008 | 221004b |||||||| |||| 00| 0 hin d | ||
| 020 |
_a9789351379003 (hbk) _c595 |
||
| 024 | _a16544 | ||
| 037 |
_b87, 09/02/2015, Mallika Books _cTextual |
||
| 040 |
_aCRL _cCRL _bhin |
||
| 041 |
_2hin _ahin |
||
| 082 | _aO152,3N031:g, Q4 | ||
| 100 | _aत्यागी, कविता | ||
| 245 | 0 | _aभगवतीचरण वर्मा के उपन्यासों में आधुनिकता | |
| 246 | _aBhagavatīcharaṇ varmā ke upanyāsoan mean ādhunikatā | ||
| 260 |
_aगाजियाबाद _bविजय प्रकाशन भारत _c2014 |
||
| 300 |
_a288पृ0 _ccm. |
||
| 650 | _aहिन्दी साहित्य | ||
| 942 |
_hO152,3N031:g, Q4 _cTEXL _2cc |
||
| 999 |
_c1009791 _d1009791 |
||